000 00873nas a2200277 4500
001 BR0301980
003 BR-BrBNA
005 20231205103718.0
007 ta
008 230509b bl.|||p| |||| 00| 00por d
040 _aBR-BrBNA
_bpor
_cBiblioteca Nacional de Agricultura
041 _a(En)
072 _aL70
100 1 _aGonçalves, A.
100 1 _aSousa, G. da C.
100 1 _aBérzin, F.
100 1 _aSilva, D.C. de O.
100 1 _aSilva, Z.
100 1 _aSilva, L.F.G. e
245 1 _aEletromyographic activity of the Bicceps brachii and Brachiorradialis muscles under influence of static stretching after exhaustive exercises
650 _aMÚSCULO
650 _aPERFORMANCE
773 0 _tBioscience Journal (Brazil)
_xISSN 1516-3725
_g(Dec 2002), v. 18(2) p. 87-91
_wBR0301980
909 _a202311
_bLúcia
_c55
_dLúcia Elande
942 _2AGRIS
_n0
_cANA
999 _c174334
_d174334